Statistiques concernant Les transformations de Super Mario.

Cliquez ici pour prendre le quiz!

Statistiques générales

  • Ce quiz a été pris 75 fois
  • Le résultat moyen est 16 sur 41

Statistiques - réponses

JeuTransformation% Correct
Mario de Feu
93%
Mario de Glace
87%
New Super Mario Bros. 2Mario d'Or
80%
Super Mario WonderMario Éléphant
75%
Super Mario 3D WorldMario Chat
72%
Mario (SMB2)
71%
Mario Etoilé
70%
Mario Pingouin
62%
Mini-Mario
62%
Mario de Métal
59%
Mario Tanuki
59%
Super Mario GalaxyMario Abeille
58%
Mario à bulle
52%
New Super Mario Bros. WiiMario Hélice
51%
Mario fantôme
45%
Super Mario Galaxy 2Mario Nuage
43%
New Super Mario Bros. UMario Écureuil volant
41%
Mario Ressort
41%
Mario Foreuse
38%
Super Mario 64Mario Ailé
36%
New Super Mario Bros.Mario Koopa
33%
Mario Invisible
32%
Méga-Mario
32%
Mario Rocher
30%
Mario Volant
30%
Super Mario WorldMario Cape
29%
Mario Grenouille
28%
Mario Ballon
26%
Super Mario Maker 2Mario Marteau
26%
Mario Marteau
26%
Super Mario Bros. 3Mario Raton-Laveur
26%
Super Mario 3D LandMario Boomerang
25%
Super Mario BrosSuper Mario
23%
Mario Baudruche (DS)
20%
Double Mario
14%
Super Mario Land 2Mario Bunny
12%
Mario Botte
9%
Mario Bombe
3%
Super Mario BallMario Superball
3%
Mario Vrille
3%
Super Mario MakerMario champi bizarre
0%

Distribution des résultats

Percentile par nombre de réponses

% des personnes avec chaque résultat

Votre développement - résultats

Vous n’avez pas pris ce quiz